| 000 | 00657cam a2200181 4500 | ||
|---|---|---|---|
| 001 | WS108041 | ||
| 008 | 000000n 000 0 eng u | ||
| 035 | _a(Sirsi) u108041 | ||
| 245 | _aInstitution of Civil Engineering Surveyors | ||
| 520 | _aWeb site for this organisation including details of the services they offer and a good definition of civil engineering surveying. | ||
| 650 | 0 | _aCIVIL ENGINEERING SURVEYORS | |
| 650 | 0 | _aGEOSPATIAL ENGINEERING | |
| 650 | _aCIVIL ENGINEERING | ||
| 650 | _aORGANISATION | ||
| 690 | _aBUILT ENVIRONMENT | ||
| 856 | 4 | 0 |
_uhttps://www.ices.org.uk _zView the website free of charge at www.ices.org.uk... |
| 942 | _n0 | ||
| 999 |
_c119593 _d119593 |
||